|
|
|
|
| LEADER |
00000cam a2200000 a 4500 |
| 001 |
12118 |
| 003 |
Ucuenca |
| 005 |
20230308175548.0 |
| 008 |
968012|1962 xxu|||||r|||||||||||eng|| |
| 040 |
|
|
|b spa
|
| 041 |
0 |
|
|a en
|
| 082 |
0 |
|
|a 610.03
|
| 110 |
1 |
|
|a Williams and Wilkins
|9 84039
|
| 245 |
|
|
|a Stedman's medical dictionary
|c Williams and Wilkins
|h imp
|
| 264 |
|
|
|a Baltimore
|c 1962
|b s.e.
|
| 300 |
|
|
|a xlvii,1680 páginas:
|b ilu
|c 25.5 cm
|
| 650 |
|
0 |
|a Material de referencia
|9 4778
|
| 650 |
|
0 |
|9 206673
|a Terminologia medica
|
| 650 |
|
0 |
|9 46012
|a Diccionario medico
|
| 852 |
|
|
|a UC-SALUD
|f Donación
|l 1
|m General
|p 19680124
|q S/. 500
|t 12118
|b 0
|d CDRS
|e CDRS
|g 610.3 W71s
|z 1968-80-12
|
| 942 |
|
|
|c BK
|2 ddc
|r margoth.maza@ucuenca.edu.ec
|
| 999 |
|
|
|c 50308
|d 50308
|